Logo BPK

Biblioteka

Politechniki Koszalińskiej

Gospodarka energetyczna w rolnictwie / (Rekord nr 25045)

Szczegóły MARC
000 -ETYKIETA REKORDU
podpole kontrolne o stałej długości 00600nam a2200205 i 4500
001 - NUMER KONTROLNY REKORDU
pole kontrolne bg
040 ## - ŹRÓDŁO KATALOGOWANIA
Instytucja, która utworzyła rekord BPK
041 0# - KOD JĘZYKA
Kod języka tekstu pl
080 ## - UNIWERSALNA KLASYFIKACJA DZIESIĘTNA - UKD
UKD 63:620.9
008 - POLE O STAŁEJ DŁUGOŚCI - DANE KONTROLNE
podpole kontrolne o stałej długości s pl f |000 0 pol
100 1# - NAZWA OSOBOWA
Nazwa osobowa KRASOWSKI, Eugeniusz
245 10 - TYTUŁ/ODPOWIEDZIALNOŚĆ
Tytuł Gospodarka energetyczna w rolnictwie /
Pozostałe elementy strefy tytułu i oznaczenia odpowiedzialności Eugeniusz Krasowski, Maria Krasowska.
250 ## - STREFA WYDANIA
Oznaczenie wydania Wyd. 2 zm. i popr.
260 ## - STREFA ADRESU WYDAWNICZEGO
Miejsce wydania Lublin :
Nazwa wydawcy/dystrybutora Wydaw. Akademii Rolniczej,
Data publikacji, dystrybucji/powstania dokumentu 1993.
300 ## - STREFA OPISU FIZYCZNEGO
Objętość 169 s. :
Inne cechy fizyczne rys., wykr. ;
Rozmiary 25 cm.
504 ## - UWAGA DOTYCZĄCA BIBLIOGRAFII
Informacje o bibliografii Bibliogr. s. 165-167.
650 #9 - HASŁO PRZEDMIOTOWE W FORMIE NAZWY OGÓLNEJ LUB JEDNOSTKOWEJ
Nazwa ogólna lub geograficzna Rolnictwo
Określnik ogólny energetyka
-- ekonomika
700 1# - HASŁO DODATKOWE - NAZWA OSOBOWA
Nazwa osobowa KRASOWSKA, Maria
856 ## - LOKALIZACJA I DOSTĘP DO ELEKTRONICZNYCH DOKUMENTÓW ZDALNYCH
Link (URL) http://koha.tu.koszalin.pl/cgi-bin/koha/opac-detail.pl?biblionumber=25045
Tekst linku Katalog online BPK
942 ## - DODATKOWE ELEMENTY (KOHA)
Typ dokumentu Książka
Egzemplarze
Wycofany Status egzemplarza Uszkodzony Dostępność Lokalizacja stała Lokalizacja bieżąca Miejsce przechowywania Sygnatura Kod kreskowy Typ dokumentu
      Dostępny Biblioteka Politechniki Koszalińskiej Biblioteka Politechniki Koszalińskiej Wypożyczalnia BG P 52909 01144086 Książka
      Dostępny Biblioteka Politechniki Koszalińskiej Biblioteka Politechniki Koszalińskiej Wypożyczalnia BG P 52910 01144079 Książka
© 2023 Biblioteka Politechniki Koszalińskiej :: KOHA